000 02624nam0a2200397 4500
001 RU\NLR\bibl\1748713
005 20260408021114.0
010 _a978-5-903615-14-8
_9500
021 _aRU
_b2011-15416
_91092
035 _a(NLR Aleph) 001739586
090 _a1450862
_c1450862
100 _a20110321d2010 |||y0rusy50 ca
101 0 _arus
102 _aRU
105 _aa |||||||||
200 1 _aТроице-Сергиева лавра в истории, культуре и духовной жизни России
_eматериалы VI международной конференции, 29-31 октября 2008 г., тезисы докладов VII международной конференции, 23-25 сентября 2010 года
_f[сост.: Т.Н. Манушина, С.В. Николаева
_gредкол.: ...С.В. Николаева и др.]
210 _aСергиев Посад
_cРемарко
_d2010
215 _a488 с.
_cил.
_d21
300 _aВ надзаг.: М-во культуры Моск. обл., Сергиево-Пасад. гос. ист.-худож. музей-заповедник
320 _aБиблиогр. в примеч. в конце ст.
601 0 2 _aТроице-Сергиева лавра
_jСъезды, совещания и т.п.
_91237214
_3RU\NLR\auth\66505104
686 _aЭ372.24-647.2я431
702 1 _aМанушина
_bТ. Н.
_gТатьяна Николаевна
_4220
702 1 _4340
_8rus
_7ca
_aНиколаева
_bС. В.
_cканд. ист. наук
_gСветлана Викторовна
_3RU\NLR\auth\7780103
_963031
711 1 2 _a"Троице-Сергиева лавра в истории, культуре и духовной жизни России", международная конференция
_d6
_f2008
_eСергиев Посад
_3RU\NLR\AUTH\8810180856
_9858156
711 1 2 _a"Троице-Сергиева лавра в истории, культуре и духовной жизни России", международная конференция
_d7
_f2010
_eСергиев Посад
_3RU\NLR\AUTH\8810180857
_9858158
712 0 2 _4570
_aСергиево-Посадский государственный историко-художественный музей-заповедник
_3RU\NLR\AUTH\8815647
_9304450
801 0 _aRU
_bNLR
_c20110321
_gRCR
801 1 _aRU
_bNLR
_c20110321
830 _aсост. по базе
942 _cBOOK
980 _aNB
980 _aNBR